| 000 | 00378nam a22001337a 4500 | ||
|---|---|---|---|
| 082 | _aT205 | ||
| 100 |
_aEngr Muhammad ashfaq maitla _950997 |
||
| 245 | _aFlood hazard mapping of nowshera city and remediation | ||
| 260 |
_aRisalpur, _bMCE, _c2014. |
||
| 300 | _a74p. | ||
| 526 |
_a0 _b0 _c0 _dT_000000000000000_205 |
||
| 700 |
_aDr Asst Prof Arshad Ali _950998 |
||
| 942 |
_2ddc _cBK |
||
| 999 |
_c553732 _d553732 |
||